Actos de agresión

Guardat en:
Dades bibliogràfiques
Autor principal: Chomsky, Noam (Autor)
Format: Llibre
Idioma:espanyol
Publicat: Barcelona Crítica 2000
Col·lecció:Letras de Crítica
Matèries:
Etiquetes: Afegir etiqueta
Sense etiquetes, Sigues el primer a etiquetar aquest registre!

MARC

LEADER 00000nam a2200000 a 4500
001 UCL1611
003 CL-VaPUC
008 030911e20000000SP |||||||||||||||||spa|d
020 |a 8484321045 
082 0 4 |a 320.011  |b CHO  |2 21 
100 0 |a Chomsky, Noam  |e author  |9 320717 
245 1 0 |a Actos de agresión 
300 |a 174 p 
942 |c BK 
945 |d 20030911 00:00:00  |a cmena 
260 |a Barcelona  |b Crítica  |c 2000 
650 7 |a FILOSOFIA POLITICA  |2 CL-VaPUC  |9 478476 
650 7 |a JUSTICIA POLITICA  |2 CL-VaPUC  |9 435706 
650 0 |a Imperialismo  |9 258264 
650 0 |a Libertad de prensa  |9 255610 
650 0 |a Propaganda política   |9 435732 
651 0 |a Estados Unidos  |9 255178 
583 |a last modification  |c 20030911 00:00:00  |k Rodrigo Vera 
490 0 |a Letras de Crítica 
999 |c 305107  |d 305105 
952 |0 0  |1 0  |4 0  |6 320_011000000000000_CHO_2000  |7 0  |8 A  |9 368078  |a BIBHIS  |b BIBHIS  |d 2019-11-21  |i 3913066  |o 320.011 CHO 2000  |p 3913066  |r 2025-01-20  |w 2019-11-21  |y BK  |k HIS